European quarterly outlook (Record no. 83977)
[ view plain ]
| 000 -LEADER | |
|---|---|
| fixed length control field | 01559cad a22002175a 4500 |
| 001 - CONTROL NUMBER | |
| control field | L156251 |
| 008 - FIXED-LENGTH DATA ELEMENTS--GENERAL INFORMATION | |
| fixed length control field | 120509s2012 xxk 000 0 eng d |
| 035 ## - SYSTEM CONTROL NUMBER | |
| System control number | (Sirsi) u156251 |
| 041 0# - LANGUAGE CODE | |
| Language code of text/sound track or separate title | eng |
| 110 2# - MAIN ENTRY--CORPORATE NAME | |
| Corporate name or jurisdiction name as entry element | Pramerica Real Estate Investors |
| 9 (RLIN) | 5594 |
| 245 00 - TITLE STATEMENT | |
| Title | European quarterly outlook |
| Remainder of title | April 2012 |
| Medium | [economic resource] |
| 260 ## - PUBLICATION, DISTRIBUTION, ETC. | |
| Place of publication, distribution, etc. | Parsippany NJ |
| Name of publisher, distributor, etc. | PREI |
| Date of publication, distribution, etc. | 2012 |
| 490 #0 - SERIES STATEMENT | |
| Series statement | Pramerica Real Estate Investors European Quarterly Outlook |
| Volume/sequential designation | April 2012 |
| 520 ## - SUMMARY, ETC. | |
| Summary, etc. | Fears about the future of the Eurozone are dominating the markets. The weak economy and uncertain capital markets helped push down private investment activity in Q1 2012. Investors and lenders retreated again to chase the hard-to-find prime assets in the Northern European office markets. Prime office yields rose slightly in a number of office markets for the first time in several quarters. An estimated Euros 500bn of commercial real estate loans need to be refinanced over the next three years. Occupier demand remains weak and take-up fell in Q1 2012, although in recent weeks there were some signs of an improvement. |
| 520 ## - SUMMARY, ETC. | |
| Summary, etc. | Executive summary:macro-economic themes - implications for commercial real estate; Economic trends; Transactions and pricing; Debt markets; Property markets - Investment performance; Attractive risk-adjusted investment opportunties. |
| 590 ## - LOCAL NOTE (RLIN) | |
| Local note | KA |
| 651 #4 - SUBJECT ADDED ENTRY--GEOGRAPHIC NAME | |
| Geographic name | Europe |
| 690 ## - LOCAL SUBJECT ADDED ENTRY--TOPICAL TERM (OCLC, RLIN) | |
| Topical term or geographic name as entry element | Commercial property |
| 9 (RLIN) | 6227 |
| 856 40 - ELECTRONIC LOCATION AND ACCESS | |
| Uniform Resource Identifier | <a href="https://www.pramericarei.com/pramerica/pdf/realestate/Pra_EQ_Apr_12.pdf">https://www.pramericarei.com/pramerica/pdf/realestate/Pra_EQ_Apr_12.pdf</a> |
| Public note | View the report at www.pramericarei.com |
| 942 ## - ADDED ENTRY ELEMENTS (KOHA) | |
| Suppress in OPAC | 0 |
| Withdrawn status | Lost status | Source of classification or shelving scheme | Damaged status | Not for loan | Home library | Current library | Shelving location | Date acquired | Total Checkouts | Full call number | Barcode | Date last seen | Copy number | Price effective from | Koha item type |
|---|---|---|---|---|---|---|---|---|---|---|---|---|---|---|---|
| Dewey Decimal Classification | Virtual | Virtual | Online | 09/05/2012 | ONLINE PUBLICATION | 156251-2001 | 06/08/2019 | 1 | 06/08/2019 | Book |